বাঙালী ও বাঙলা সাহিত্য / (Record no. 78271)
[ view plain ]
| 000 -LEADER | |
|---|---|
| fixed length control field | 00840nam a2200229 a 4500 |
| 001 - CONTROL NUMBER | |
| control field | 78271 |
| 003 - CONTROL NUMBER IDENTIFIER | |
| rucl marc code | BD-RjUL |
| 005 - DATE AND TIME OF LATEST TRANSACTION | |
| control field | 20211209083118.0 |
| 008 - FIXED-LENGTH DATA ELEMENTS--GENERAL INFORMATION | |
| fixed length control field | 210831s1983 bg ||||| |||| 00| 0 ben d |
| 035 ## - SYSTEM CONTROL NUMBER | |
| System control number | (BD-RjUL)78497 |
| 040 ## - CATALOGING SOURCE | |
| Original cataloging agency | BD-RjUL |
| Language of cataloging | eng |
| Transcribing agency | BD-RjUL |
| 041 ## - LANGUAGE CODE | |
| Language code of text/sound track or separate title | ben |
| 082 ## - DEWEY DECIMAL CLASSIFICATION NUMBER | |
| Edition number | 23 |
| Classification number | 891.4409 |
| Author mark and year | SHB 1983 |
| 100 ## - MAIN ENTRY--PERSONAL NAME | |
| Personal name | শরীফ, আহমদ |
| 9 (RLIN) | 247289 |
| 245 ## - TITLE STATEMENT | |
| Title | বাঙালী ও বাঙলা সাহিত্য / |
| Statement of responsibility, etc. | আহমদ শরীফ |
| 260 ## - PUBLICATION, DISTRIBUTION, ETC. (IMPRINT) | |
| Place of publication, distribution, etc. | ঢাকা : |
| Name of publisher, distributor, etc. | বাংলা একাডেমী, |
| Date of publication, distribution, etc. | ১৯৮৩ |
| 300 ## - PHYSICAL DESCRIPTION | |
| Pagination | খণ্ড; |
| Size | ২১ সেমি. |
| 505 01 - FORMATTED CONTENTS NOTE | |
| Formatted contents note | খণ্ড.২ -- |
| 650 ## - SUBJECT ADDED ENTRY--TOPICAL TERM | |
| Topical term or geographic name as entry element | বাংলা সাহিত্য |
| General subdivision | ইতিহাস ও সমালোচনা |
| 9 (RLIN) | 247290 |
| Topical term or geographic name as entry element | Bengali Lillterature |
| General subdivision | History and Criticism |
| 9 (RLIN) | 247291 |
| 942 ## - ADDED ENTRY ELEMENTS (KOHA) | |
| Source of classification or shelving scheme | Dewey Decimal Classification |
| Koha item type | Books |
| Lost status | Source of classification or shelving scheme | Damaged status | Not for loan | Permanent Location | Current Location | Shelving location | Date acquired | Source of acquisition | Cost, normal purchase price | Total Checkouts | Full call number | Date last seen | Copy number | Koha item type | Collection code | Date checked out |
|---|---|---|---|---|---|---|---|---|---|---|---|---|---|---|---|---|
| Dewey Decimal Classification | Central Library, University of Rajshahi | Central Library, University of Rajshahi | Reading Room | 25/06/1990 | Bangla Academy | 200.00 | B 891.4409 SHB V-2 1983 | 31/08/2021 | C-1 | Books | ||||||
| Dewey Decimal Classification | Central Library, University of Rajshahi | Central Library, University of Rajshahi | General Stacks | 14/03/1984 | Bangla Academy | 200.00 | 7 | B 891.4409 SHB V-2 1983 | 09/03/2025 | C-2 | Books | Non-fiction | 09/02/2025 |